Sdílení tepla při výrobě kompozitů [disertační práce]

Saved in:
Bibliographic Details
Main Author Pavlica, Richard (Dissertant)
Format Book
LanguageCzech
Published 2011
Subjects
Physical Description154 s. : il. ; 25 cm

Cover

LEADER 00000ntm a22000007a 4500
001 63081
003 CZ-ZlUTB
005 20240830155252.0
007 ta
008 120217s2011 xr ad f m 000 0 cze d
040 |a ZLD002  |b cze 
041 0 |a cze  |b eng 
072 7 |a 536  |x Teplo. Termodynamika  |2 Konspekt  |9 6 
080 |a 536.2  |2 MRF 
080 |a 678.58.02-419.8  |2 MRF 
080 |a 620.2-039-025.48  |2 MRF 
080 |a 620.2-039:678.7  |2 MRF 
080 |a 544.431  |2 MRF 
080 |a (043.3)378.245  |2 MRF 
100 1 |a Pavlica, Richard  |4 dis 
245 1 0 |a Sdílení tepla při výrobě kompozitů  |h [rukopis] :  |b [disertační práce] /  |c Richard Pavlica 
260 |c 2011 
300 |a 154 s. :  |b il. ;  |c 25 cm 
500 |a Popsáno podle obálky 
502 |a Disertace (PhD.)--Univerzita Tomáše Bati ve Zlíně, Fakulta technologická, 2011 
504 |a Obsahuje bibliografii 
546 |a Anglické resumé 
650 0 7 |a sdílení tepla  |7 ph125447  |2 czenas 
650 0 7 |a pultruze  |7 ph556156  |2 czenas 
650 0 7 |a vrstvené kompozitní materiály  |7 ph307645  |2 czenas 
650 0 7 |a polymerní kompozitní materiály  |7 ph210239  |2 czenas 
650 0 7 |a reakční kinetika  |7 ph125038  |2 czenas 
650 0 9 |a heat transmission  |2 eczenas 
650 0 9 |a pultrusion  |2 eczenas 
650 0 9 |a layered composite materials  |2 eczenas 
650 0 9 |a polymer composite materials  |2 eczenas 
650 0 9 |a reaction kinetics  |2 eczenas 
655 7 |a doktorské disertace  |2 czenas 
655 9 |a higher doctoral dissertations  |2 eczenas 
710 2 |a Univerzita Tomáše Bati ve Zlíně.  |b Technologická fakulta  |7 kn20010709223  |4 dgg 
910 |a ZLD002 
952 |0 0  |1 0  |4 0  |6 KPAVLICAR  |7 0  |8 MANUS  |9 114795  |a UTBZL  |b UTBZL  |c 001  |d 2012-02-17  |l 0  |o K/PAVLICA,R.  |p 420010143430  |r 2019-08-26 00:00:00  |v 100.00  |w 2019-08-26  |x N:povinný výtisk;  |y 12 
992 |a BK  |c vs 
999 |c 63081  |d 63081 
993 |x NEPOSILAT  |y VSKP